000 00411nam a2200169Ia 4500
008 210210b1953 xxu||||| |||| 00| 0 eng d
041 _aeng
082 _a535/102
100 _aPECK (Edson Ruther)
245 _aElectricity and magnetism
260 _aLondon
_bMcGraw Hill Book Company
_c1953
300 _a476
650 _amagnetism
650 _aElectricity
690 _aElectricity
906 _a008720
999 _c126655
_d126655